| 000 | 00680nam a2200133Ia 4500 | ||
|---|---|---|---|
| 008 | 160809s9999 xx 000 0 und d | ||
| 100 | _aGrinde, Bjørn. | ||
| 245 | _aEffect of household size on mental problems in children: results from the Norwegian Mother and Child Cohort study | ||
| 245 | _cBjørn Grinde and Kristian Tambs. | ||
| 260 | _bBMC Psychology | ||
| 260 | _c2 June 2016 | ||
| 650 | _xPSYCHOLOGY | ||
| 856 | _uhttp://download.springer.com/static/pdf/428/art%253A10.1186%252Fs40359-016-0136-1.pdf?originUrl=http%3A%2F%2Fbmcpsychology.biomedcentral.com%2Farticle%2F10.1186%2Fs40359-016-0136-1&token2=exp=1469410418~acl=%2Fstatic%2Fpdf%2F428%2Fart%25253A10.1186%25252F | ||
| 999 |
_c300195 _d300195 |
||